[Event "7th Iberoamerican-ch 2019"]
[Site "Linares"]
[Date "2019.08.11"]
[Round "2.17"]
[White "Blanco Acevedo, Cristobal Jose"]
[Black "Del Rio De Angelis, Salvador G."]
[Result "1/2-1/2"]
[WhiteElo "2342"]
[BlackElo "2464"]
[Annotator "ChessBase"]
[PlyCount "105"]
[EventDate "2019.08.10"]
[EventType "swiss"]
[EventCountry "ESP"]
[SourceTitle "playchess.com"]
[Source "ChessBase"]
[SourceQuality "1"]
[TimeControl "5400+30"]

1. e4 {[%emt 0:00:00]} c5 {[%emt 0:00:00]} 2. Nf3 {[%emt 0:00:01]} e6 {[%emt 0:00:00]} 3. d4 {[%emt 0:00:42]} cxd4 {[%emt 0:00:00]} 4. Nxd4 {[%emt 0:00:04]} a6 {[%emt 0:00:01]} 5. g4 {[%emt 0:01:35]} d5 {[%emt 0:03:03]} 6. Bg2 {[%emt 0:02:46]} e5 {[%emt 0:01:15]} 7. Nf3 {[%emt 0:06:24]} Bxg4 {[%emt 0:03:35]} 8. Qxd5 {[%emt 0:00:44]} Nc6 {[%emt 0:00:13]} 9. c3 {[%emt 0:06:36]} Qc7 {[%emt 0:04:10]} 10. Nbd2 {[%emt 0:04:21]} Nf6 {[%emt 0:09:35]} 11. Qc4 {[%emt 0:00:25]} Be7 {[%emt 0:04:20]} 12. O-O {[%emt 0:07:13]} Nh5 {[%emt 0:02:09]} 13. Nb3 {[%emt 0:02:40]} O-O {[%emt 0:08:41]} 14. h3 {[%emt 0:00:54]} Bd7 {[%emt 0:09:12]} 15. Rd1 {[%emt 0:06:34]} Rac8 {[%emt 0:06:29]} 16. Qe2 {[%emt 0:02:10]} Rfd8 {[%emt 0:03:06]} 17. Kh2 {[%emt 0:06:48]} Be8 {[%emt 0:01:23]} 18. Rxd8 {[%emt 0:07:55]} Nxd8 {[%emt 0:00:24]} 19. Ne1 {[%emt 0:02:14]} Nf6 {[%emt 0:01:49]} 20. Be3 {[%emt 0:09:08]} Ne6 {[%emt 0:00:49]} 21. Rd1 {[%emt 0:01:41]} Bb5 {[%emt 0:00:58]} 22. Qd2 {[%emt 0:01:55]} Nh5 {[%emt 0:07:59]} 23. Nc2 {[%emt 0:13:54]} Nhf4 {[%emt 0:02:20]} 24. Nb4 {[%emt 0:00:21]} Bxb4 {[%emt 0:04:33]} 25. cxb4 {[%emt 0:00:12]} Rd8 {[%emt 0:07:26]} 26. Qc1 {[%emt 0:01:43]} Rxd1 {[%emt 0:00:51]} 27. Qxd1 {[%emt 0:00:07]} Nxg2 {[%emt 0:01:00]} 28. Kxg2 {[%emt 0:00:05]} Qc4 {[%emt 0:02:29]} 29. Qd5 {[%emt 0:00:50]} Nf4+ {[%emt 0:01:43]} 30. Bxf4 {[%emt 0:00:19]} Qf1+ {[%emt 0:00:05]} 31. Kf3 {[%emt 0:01:56]} Be2+ {[%emt 0:01:19]} 32. Ke3 {[%emt 0:00:31]} exf4+ {[%emt 0:00:06]} 33. Kd2 {[%emt 0:03:58]} h5 {[%emt 0:00:09]} 34. Qd4 {[%emt 0:03:01]} Bf3 {[%emt 0:01:44]} 35. e5 {[%emt 0:01:23]} Qxh3 {[%emt 0:01:44]} 36. Qxf4 {[%emt 0:00:12]} Qg4 {[%emt 0:02:59]} 37. Ke3 {[%emt 0:00:56]} Qxf4+ {[%emt 0:00:05]} 38. Kxf4 {[%emt 0:00:03]} Bd5 {[%emt 0:00:04]} 39. Nc5 {[%emt 0:00:44]} f6 {[%emt 0:01:13]} 40. exf6 {[%emt 0:01:48]} gxf6 {[%emt 0:00:06]} 41. a4 {[%emt 0:00:35]} Kf7 {[%emt 0:00:31]} 42. a5 {[%emt 0:00:16]} Kg6 {[%emt 0:03:03]} 43. Nd3 {[%emt 0:00:33]} Bc6 {[%emt 0:00:57]} 44. Nc5 {[%emt 0:00:15]} f5 {[%emt 0:01:11]} 45. Nb3 {[%emt 0:00:25]} h4 {[%emt 0:02:38]} 46. Nd4 {[%emt 0:00:16]} Bd7 {[%emt 0:03:31]} 47. Nf3 {[%emt 0:01:56]} Kh5 {[%emt 0:00:06]} 48. Ng1 {[%emt 0:01:24]} Kg6 {[%emt 0:01:00]} 49. Nf3 {[%emt 0:02:09]} Kh5 {[%emt 0:00:06]} 50. Ng1 {[%emt 0:00:07]} Kg6 {[%emt 0:00:06]} 51. Nf3 {[%emt 0:00:03]} Kh5 52. Nh2 h3 53. Nf3 1/2-1/2

[Event "7th Iberoamerican-ch 2019"]
[Site "Linares"]
[Date "2019.08.11"]
[Round "2.18"]
[White "Aizpurua, Patrick"]
[Black "Larino Nieto, David"]
[Result "1-0"]
[WhiteElo "2243"]
[BlackElo "2471"]
[Annotator "ChessBase"]
[PlyCount "95"]
[EventDate "2019.08.10"]
[EventType "swiss"]
[EventCountry "ESP"]
[SourceTitle "playchess.com"]
[Source "ChessBase"]
[SourceQuality "1"]
[TimeControl "5400+30"]

1. c4 {[%emt 0:00:00]} b6 {[%emt 0:00:00]} 2. Nf3 {[%emt 0:00:00]} Bb7 {[%emt 0:00:00]} 3. g3 {[%emt 0:00:00]} h5 {[%emt 0:02:51]} 4. h4 {[%emt 0:01:56]} Nc6 {[%emt 0:03:30]} 5. d4 {[%emt 0:00:37]} e6 {[%emt 0:01:38]} 6. a3 {[%emt 0:03:17]} Na5 {[%emt 0:02:24]} 7. Nbd2 {[%emt 0:07:01]} c5 {[%emt 0:01:09]} 8. dxc5 {[%emt 0:00:58]} bxc5 {[%emt 0:00:14]} 9. Bg2 {[%emt 0:01:16]} Nf6 {[%emt 0:00:53]} 10. O-O {[%emt 0:01:56]} Qb6 {[%emt 0:00:29]} 11. Ng5 {[%emt 0:03:37]} Bxg2 {[%emt 0:00:39]} 12. Kxg2 {[%emt 0:00:10]} Rb8 {[%emt 0:01:12]} 13. e4 {[%emt 0:02:25]} Ng4 {[%emt 0:00:47]} 14. Re1 {[%emt 0:11:54]} Ne5 {[%emt 0:08:17]} 15. b3 {[%emt 0:12:25]} Be7 {[%emt 0:00:35]} 16. Ngf3 {[%emt 0:00:39]} Nxf3 {[%emt 0:03:18]} 17. Qxf3 {[%emt 0:00:22]} d6 {[%emt 0:02:55]} 18. b4 {[%emt 0:05:42]} cxb4 {[%emt 0:01:54]} 19. axb4 {[%emt 0:00:11]} Nc6 {[%emt 0:00:09]} 20. b5 {[%emt 0:01:25]} Ne5 {[%emt 0:00:54]} 21. Qe3 {[%emt 0:01:20]} Bd8 {[%emt 0:02:35]} 22. Ba3 {[%emt 0:13:48]} Rc8 {[%emt 0:10:43]} 23. Qxb6 {[%emt 0:01:46]} Bxb6 {[%emt 0:00:03]} 24. Bxd6 {[%emt 0:00:18]} Nd3 {[%emt 0:00:33]} 25. Re2 {[%emt 0:00:50]} Rd8 {[%emt 0:00:53]} 26. e5 {[%emt 0:00:24]} f6 {[%emt 0:03:17]} 27. Ne4 {[%emt 0:01:52]} f5 {[%emt 0:03:43]} 28. Ng5 {[%emt 0:00:12]} Rh6 {[%emt 0:01:05]} 29. Ra3 {[%emt 0:04:32]} Nc5 {[%emt 0:00:41]} 30. Bxc5 {[%emt 0:00:35]} Bxc5 {[%emt 0:00:02]} 31. Ra6 {[%emt 0:00:11]} Rc8 {[%emt 0:02:37]} 32. Nxe6 {[%emt 0:00:34]} Bf8 {[%emt 0:00:07]} 33. c5 {[%emt 0:01:29]} Ke7 {[%emt 0:00:47]} 34. Nxf8 {[%emt 0:05:00]} Rxa6 {[%emt 0:00:03]} 35. bxa6 {[%emt 0:00:09]} Kxf8 {[%emt 0:00:02]} 36. Rb2 {[%emt 0:00:20]} Rxc5 {[%emt 0:00:25]} 37. Rb8+ {[%emt 0:00:05]} Kf7 {[%emt 0:00:18]} 38. Rb7+ {[%emt 0:00:05]} Ke6 {[%emt 0:00:04]} 39. f4 {[%emt 0:00:07]} Kd5 {[%emt 0:01:57]} 40. Rxa7 {[%emt 0:00:06]} Ke4 {[%emt 0:00:43]} 41. Rb7 {[%emt 0:02:17]} Rc2+ {[%emt 0:00:11]} 42. Kh3 {[%emt 0:01:05]} Ra2 {[%emt 0:01:13]} 43. a7 {[%emt 0:00:08]} Kf3 {[%emt 0:00:39]} 44. e6 {[%emt 0:00:43]} Ra1 {[%emt 0:00:05]} 45. Rb3+ {[%emt 0:00:04]} Kf2 {[%emt 0:00:42]} 46. Rb2+ {[%emt 0:00:05]} Kf3 {[%emt 0:00:06]} 47. e7 {[%emt 0:00:10]} g5 {[%emt 0:00:05]} 48. fxg5 {[%emt 0:00:11]} 1-0

[Event "7th Iberoamerican-ch 2019"]
[Site "Linares"]
[Date "2019.08.11"]
[Round "2.20"]
[White "Huerga Leache, Mikel"]
[Black "Fernandez Ayuso, Sergio"]
[Result "1-0"]
[WhiteElo "2440"]
[BlackElo "2173"]
[Annotator "NA"]
[PlyCount "93"]
[EventDate "2019.08.10"]
[EventType "swiss"]
[EventCountry "ESP"]
[SourceTitle "playchess.com"]
[Source "ChessBase"]
[SourceQuality "1"]
[TimeControl "5400+30"]

1. Nf3 {[%emt 0:00:00]} Nf6 {[%emt 0:00:00]} 2. c4 {[%emt 0:00:00]} g6 {[%emt 0:00:19]} 3. Nc3 {[%emt 0:02:24]} d5 {[%emt 0:04:46]} 4. cxd5 {[%emt 0:01:55]} Nxd5 {[%emt 0:00:08]} 5. Qa4+ {[%emt 0:03:00]} c6 {[%emt 0:15:50]} 6. Qd4 {[%emt 0:04:49]} Nf6 {[%emt 0:00:40]} 7. Qxd8+ {[%emt 0:00:34]} Kxd8 {[%emt 0:00:05]} 8. e4 {[%emt 0:00:51]} Nbd7 {[%emt 0:09:34]} 9. d4 {[%emt 0:02:53]} Ke8 {[%emt 0:02:38]} 10. Bc4 {[%emt 0:00:57]} b5 {[%emt 0:08:42]} 11. Bd3 {[%emt 0:02:03]} a6 {[%emt 0:00:58]} 12. e5 {[%emt 0:03:19]} Nd5 {[%emt 0:02:53]} 13. Nxd5 {[%emt 0:00:48]} cxd5 {[%emt 0:00:07]} 14. a4 {[%emt 0:01:31]} bxa4 {[%emt 0:07:13]} 15. Rxa4 {[%emt 0:02:32]} e6 {[%emt 0:00:13]} 16. Ke2 {[%emt 0:01:47]} Be7 {[%emt 0:02:00]} 17. Bd2 {[%emt 0:01:04]} Nb8 {[%emt 0:04:53]} 18. Rc1 {[%emt 0:02:26]} Bd7 {[%emt 0:01:41]} 19. Ra2 {[%emt 0:00:25]} h6 {[%emt 0:02:28]} 20. b4 {[%emt 0:02:07]} Kf8 {[%emt 0:00:10]} 21. b5 {[%emt 0:01:03]} Kg7 {[%emt 0:00:06]} 22. bxa6 {[%emt 0:01:52]} Nc6 {[%emt 0:02:18]} 23. Rac2 {[%emt 0:07:00]} Nb4 {[%emt 0:02:24]} 24. Bxb4 {[%emt 0:00:19]} Bxb4 {[%emt 0:00:04]} 25. Rb1 {[%emt 0:01:59]} Ba5 {[%emt 0:01:03]} 26. Rc5 {[%emt 0:01:44]} Bd8 {[%emt 0:00:21]} 27. Nd2 {[%emt 0:04:16]} Bc8 {[%emt 0:03:57]} 28. Rc6 {[%emt 0:10:23]} Bd7 {[%emt 0:04:09]} 29. Rd6 {[%emt 0:01:04]} Bc8 {[%emt 0:02:33]} 30. Nb3 {[%emt 0:01:50]} Bc7 {[%emt 0:01:45]} 31. Rc6 {[%emt 0:01:02]} Bb8 {[%emt 0:00:22]} 32. Nc5 {[%emt 0:01:10]} Ba7 {[%emt 0:03:26]} 33. Ke3 {[%emt 0:00:35]} Rd8 {[%emt 0:09:08]} 34. Nb7 {[%emt 0:01:21]} Rf8 {[%emt 0:01:43]} 35. Nd6 {[%emt 0:00:42]} h5 {[%emt 0:03:52]} 36. Rc7 {[%emt 0:00:59]} g5 {[%emt 0:02:17]} 37. f3 {[%emt 0:02:06]} h4 {[%emt 0:01:14]} 38. h3 {[%emt 0:03:45]} Kg8 {[%emt 0:00:11]} 39. Rb4 {[%emt 0:02:53]} Bxa6 {[%emt 0:01:29]} 40. Bxa6 {[%emt 0:00:32]} Bxd4+ {[%emt 0:00:08]} 41. Rxd4 {[%emt 0:00:47]} Rxa6 {[%emt 0:00:05]} 42. Rg4 {[%emt 0:00:22]} Ra3+ {[%emt 0:00:45]} 43. Kf2 {[%emt 0:01:09]} Rb8 {[%emt 0:01:21]} 44. Rxg5+ {[%emt 0:00:12]} Kh7 {[%emt 0:00:17]} 45. Rxf7+ {[%emt 0:01:03]} Kh6 {[%emt 0:00:05]} 46. Rf6+ {[%emt 0:01:18]} Kh7 {[%emt 0:01:23]} 47. Rh5+ {[%emt 0:01:00]} 1-0

[Event "7th Iberoamerican-ch 2019"]
[Site "Linares"]
[Date "2019.08.11"]
[Round "2.21"]
[White "Salgado Lopez, Ivan"]
[Black "Vega Gutierrez, Belinda"]
[Result "1-0"]
[WhiteElo "2596"]
[BlackElo "2133"]
[Annotator "ChessBase"]
[PlyCount "79"]
[EventDate "2019.08.10"]
[EventType "swiss"]
[EventCountry "ESP"]
[SourceTitle "playchess.com"]
[Source "ChessBase"]
[SourceQuality "1"]
[TimeControl "5400+30"]

1. d4 {[%emt 0:00:00]} Nf6 {[%emt 0:00:00]} 2. Bg5 {[%emt 0:00:00]} Ne4 {[%emt 0:00:35]} 3. Bf4 {[%emt 0:00:08]} c5 {[%emt 0:00:09]} 4. f3 {[%emt 0:01:35]} Qa5+ {[%emt 0:02:30]} 5. c3 {[%emt 0:01:06]} Nf6 {[%emt 0:00:18]} 6. d5 {[%emt 0:00:53]} d6 {[%emt 0:04:16]} 7. e4 {[%emt 0:01:25]} g6 {[%emt 0:05:36]} 8. Na3 {[%emt 0:05:24]} Bg7 {[%emt 0:03:18]} 9. Bd3 {[%emt 0:01:03]} O-O {[%emt 0:05:57]} 10. Ne2 {[%emt 0:00:12]} Qd8 {[%emt 0:06:54]} 11. Qd2 {[%emt 0:09:31]} a6 {[%emt 0:04:39]} 12. c4 {[%emt 0:04:23]} e5 {[%emt 0:11:00]} 13. Bg5 {[%emt 0:01:11]} Qc7 {[%emt 0:02:44]} 14. g4 {[%emt 0:04:12]} Ne8 {[%emt 0:10:02]} 15. Ng3 {[%emt 0:01:02]} f6 {[%emt 0:03:04]} 16. Be3 {[%emt 0:00:33]} Nd7 {[%emt 0:01:14]} 17. h4 {[%emt 0:00:24]} Rf7 {[%emt 0:00:19]} 18. h5 {[%emt 0:03:16]} Nf8 {[%emt 0:00:12]} 19. hxg6 {[%emt 0:10:58]} hxg6 {[%emt 0:00:04]} 20. Qh2 {[%emt 0:00:40]} Rb8 {[%emt 0:02:41]} 21. O-O-O {[%emt 0:00:46]} Bd7 {[%emt 0:03:26]} 22. Rdg1 {[%emt 0:00:46]} b5 {[%emt 0:01:07]} 23. Nf5 {[%emt 0:00:29]} b4 {[%emt 0:03:27]} 24. Nb1 {[%emt 0:02:21]} Bxf5 {[%emt 0:08:18]} 25. exf5 {[%emt 0:04:09]} g5 {[%emt 0:00:54]} 26. Nd2 {[%emt 0:00:08]} e4 {[%emt 0:10:50]} 27. Nxe4 {[%emt 0:00:42]} Re7 {[%emt 0:00:25]} 28. f4 {[%emt 0:05:33]} Rxe4 {[%emt 0:02:16]} 29. Bxe4 {[%emt 0:00:07]} Qe7 {[%emt 0:00:32]} 30. Qg2 {[%emt 0:03:58]} Nd7 {[%emt 0:00:19]} 31. Re1 {[%emt 0:00:43]} gxf4 {[%emt 0:05:39]} 32. Bxf4 {[%emt 0:00:11]} Ne5 {[%emt 0:00:04]} 33. Bxe5 {[%emt 0:05:56]} dxe5 {[%emt 0:02:56]} 34. d6 {[%emt 0:00:07]} Nxd6 {[%emt 0:00:30]} 35. Bd5+ {[%emt 0:00:06]} Kf8 {[%emt 0:00:26]} 36. Qh2 {[%emt 0:00:59]} Ke8 {[%emt 0:00:41]} 37. Qh5+ {[%emt 0:00:44]} Kd8 {[%emt 0:00:13]} 38. Qg6 {[%emt 0:00:26]} Kc7 {[%emt 0:00:43]} 39. Rh7 {[%emt 0:00:55]} Ne8 {[%emt 0:00:10]} 40. Bf7 {[%emt 0:01:06]} 1-0

[Event "7th Iberoamerican-ch 2019"]
[Site "Linares"]
[Date "2019.08.11"]
[Round "2.22"]
[White "Vara Soler, Luis"]
[Black "Vallejo Pons, Francisco"]
[Result "0-1"]
[WhiteElo "1845"]
[BlackElo "2687"]
[Annotator "TA"]
[PlyCount "50"]
[EventDate "2019.08.10"]
[EventType "swiss"]
[EventCountry "ESP"]
[SourceTitle "playchess.com"]
[Source "ChessBase"]
[SourceQuality "1"]

{[%evp 10,66,47,2,10,-13,-12,-20,-10,-21,6,0,-10,-53,-40,-83,-83,-115,-100,-171,-166,-190,-195,-225,-222,-203,-220,-277,-269,-247,-280,-272,-275,-256,-259,-365,-357,-449,-370,-429,-434,-464,-464,-654,-657,-856,-806,-822,-651,-651,-649,-640,-633,-846,-841,-833,-826,-814,-811]} 1. e4 c5 2. Nf3 e6 3. d4 cxd4 4. Nxd4 a6 5. Nc3 b5 6. g3 b4 {B43: Sicilian: Kan Variation: 5 Nc3} (6... Bb7 7. Bg2 Nf6 8. O-O b4 9. Na4 Bxe4 10. Bxe4 Nxe4 11. Re1 Nc5 12. c4 Nxa4 13. Qxa4 Bc5 14. Nb3 Be7 15. c5 Nc6 16. Bf4 O-O 17. Rad1 {½-½ (50) Vallejo Pons,F (2711)-Ghaem Maghami,E (2551) Almaty 2016}) 7. Nce2 Nf6 8. Bg2 Bb7 $1 {The position is equal.} 9. Qd3 d6 10. O-O Nbd7 11. Nb3 Be7 $146 ({Predecessor:} 11... Rc8 12. f4 a5 13. Be3 a4 14. Nd2 Qa5 15. c4 bxc3 16. bxc3 {1-0 (43) Castro Rojas,O-Minaya Molano,J Bogota 1970}) 12. h3 O-O 13. f4 a5 {[%cal Ba6a5,Ba5a4][%mdl 32]} 14. Be3 {[#]} (14. c4 $17) 14... a4 $1 $19 {[%cal Ra4b3]} 15. Nbd4 Nc5 16. Qb5 Rb8 (16... Nfxe4 17. Qxb4 Qd7 18. Qb5 $17) 17. Qxb4 Bxe4 (17... Nfxe4 18. Qe1 $17) 18. Qe1 {intending Bxe4.} Bxg2 ({But not} 18... Rxb2 19. Bc1 $19) 19. Kxg2 {and if Nc6 works, White does fine.} Rxb2 20. Kh2 Qa8 21. Bc1 Rbb8 22. Nc3 (22. Ba3 $142) 22... Rfc8 23. Be3 Nfe4 24. Nxe4 Nxe4 {Black is clearly winning.} ({Not} 24... Qxe4 25. Rf2 $19) 25. Qe2 Rb2 {Played: Be7-f6} 0-1

[Event "7th Iberoamerican-ch 2019"]
[Site "Linares"]
[Date "2019.08.11"]
[Round "2.23"]
[White "Vazquez Igarza, Renier"]
[Black "Esquivias Quintero, Luis Manuel"]
[Result "1-0"]
[WhiteElo "2558"]
[BlackElo "2275"]
[Annotator "ChessBase"]
[PlyCount "73"]
[EventDate "2019.08.10"]
[EventType "swiss"]
[EventCountry "ESP"]
[SourceTitle "playchess.com"]
[Source "ChessBase"]
[SourceQuality "1"]
[TimeControl "5400+30"]

1. Nf3 {[%emt 0:00:00]} c5 {[%emt 0:00:00]} 2. c4 {[%emt 0:00:45]} Nf6 {[%emt 0:00:29]} 3. Nc3 {[%emt 0:01:42]} g6 {[%emt 0:00:56]} 4. e4 {[%emt 0:01:11]} Nc6 {[%emt 0:00:19]} 5. d4 {[%emt 0:00:03]} cxd4 {[%emt 0:00:05]} 6. Nxd4 {[%emt 0:00:07]} Nxd4 {[%emt 0:00:02]} 7. Qxd4 {[%emt 0:01:24]} d6 {[%emt 0:00:05]} 8. Be2 {[%emt 0:01:08]} Bg7 {[%emt 0:00:08]} 9. Be3 {[%emt 0:01:33]} O-O {[%emt 0:00:24]} 10. Qd2 {[%emt 0:00:09]} Be6 {[%emt 0:03:45]} 11. O-O {[%emt 0:04:02]} Qa5 {[%emt 0:00:37]} 12. Rab1 {[%emt 0:01:03]} Rfc8 {[%emt 0:01:22]} 13. b3 {[%emt 0:00:20]} b5 {[%emt 0:04:27]} 14. b4 {[%emt 0:04:14]} Qc7 {[%emt 0:01:38]} 15. e5 {[%emt 0:00:58]} dxe5 {[%emt 0:04:50]} 16. Nxb5 {[%emt 0:00:03]} Qb7 {[%emt 0:04:21]} 17. Rfc1 {[%emt 0:00:47]} Ne4 {[%emt 0:10:27]} 18. Qe1 {[%emt 0:01:34]} Nd6 {[%emt 0:03:31]} 19. Nxd6 {[%emt 0:08:05]} exd6 {[%emt 0:00:08]} 20. b5 {[%emt 0:01:48]} f5 {[%emt 0:08:43]} 21. a4 {[%emt 0:04:05]} Qf7 {[%emt 0:06:36]} 22. Qb4 {[%emt 0:04:06]} f4 {[%emt 0:05:38]} 23. Bd2 {[%emt 0:00:19]} Rc5 {[%emt 0:01:25]} 24. Bf3 {[%emt 0:21:43]} Rac8 {[%emt 0:01:16]} 25. Bc6 {[%emt 0:00:10]} e4 {[%emt 0:06:43]} 26. Re1 {[%emt 0:00:45]} f3 {[%emt 0:12:26]} 27. Rxe4 {[%emt 0:01:22]} fxg2 {[%emt 0:01:00]} 28. Rxe6 {[%emt 0:05:11]} R5xc6 {[%emt 0:02:35]} 29. bxc6 {[%emt 0:03:51]} Qxe6 {[%emt 0:00:07]} 30. Qb5 {[%emt 0:00:25]} Kh8 {[%emt 0:02:04]} 31. Re1 {[%emt 0:01:19]} Qg4 {[%emt 0:02:50]} 32. Qd5 {[%emt 0:03:17]} Rf8 {[%emt 0:04:13]} 33. Qxd6 {[%emt 0:00:32]} h6 {[%emt 0:04:09]} 34. c7 {[%emt 0:00:30]} Kh7 {[%emt 0:03:49]} 35. Bf4 {[%emt 0:13:19]} h5 {[%emt 0:01:56]} 36. Re7 {[%emt 0:02:43]} Qf5 {[%emt 0:02:52]} 37. Qe5 {[%emt 0:01:56]} 1-0

[Event "7th Iberoamerican-ch 2019"]
[Site "Linares"]
[Date "2019.08.11"]
[Round "2.24"]
[White "Matamoros Franco, Carlos S."]
[Black "Forgas Moreno, Yaniela"]
[Result "1-0"]
[WhiteElo "2498"]
[BlackElo "2272"]
[Annotator "TA"]
[PlyCount "139"]
[EventDate "2019.08.10"]
[EventType "swiss"]
[EventCountry "ESP"]
[SourceTitle "playchess.com"]
[Source "ChessBase"]
[SourceQuality "1"]

{[%evp 9,139,53,75,72,57,73,77,74,76,72,79,86,102,73,85,22,48,61,101,28,105,107,102,99,143,96,150,93,213,112,206,100,100,100,102,98,108,69,77,16,31,53,543,66,66,63,61,68,68,67,68,65,62,62,62,67,68,61,59,27,42,49,53,52,37,56,83,83,89,72,70,15,87,87,314,310,334,320,320,320,314,8,8,8,8,8,214,214,214,214,214,218,226,226,1647,1232,29965,29966,29966,29967,29967,29970,29964,29967,29967,29969,29968,29969,29969,29970,29969,29971,29971,29972,29973,29974,29973,29973,29972,0,29971,29971,29983,29984,29984,29985,29989,29990,29995,29996,29996,29997]} 1. Nf3 d6 2. d4 f5 3. Nc3 Nf6 4. Bg5 Nbd7 5. Qd3 g6 6. e4 {A80: Dutch Defence: Unusual White second moves} (6. h3 Bg7 7. g4 Nb6 8. O-O-O O-O 9. Bxf6 exf6 10. Rg1 d5 11. e3 c6 12. g5 Nc4 13. h4 {1-0 (44) Cordova,E (2655)-Fedoseev,V (2658) Saint Louis 2017}) 6... fxe4 7. Nxe4 Bg7 8. O-O-O {White is better.} Nxe4 9. Qxe4 Nf6 10. Qe3 O-O 11. Kb1 $146 ({Predecessor:} 11. h3 b5 12. Bxb5 a5 13. Bc6 {1-0 (27) Franco Alonso,A (2449)-Alberdi Sololuce,P (2192) Bergara 2012}) 11... Bf5 12. Bh6 (12. Re1 $16) 12... Ng4 13. Qb3+ {[%mdl 64] Double Attack} Kh8 14. Bxg7+ Kxg7 15. Rd2 Qd7 16. Bd3 c6 17. Re1 Rae8 (17... Bxd3 $142 18. Qxd3 Rae8) 18. Rde2 (18. h3 $142) 18... b5 (18... Bxd3 $16 19. Qxd3 Nf6) 19. h3 (19. d5 $18) 19... Nf6 (19... Bxd3 $16 {was called for.} 20. Qxd3 Nf6) 20. Ng5 (20. Bxf5 $18 {is the precise move to win.} gxf5 21. Ng5) 20... Nd5 $16 21. Bxf5 Rxf5 22. Ne6+ Kh8 23. Qg3 b4 24. Qh4 (24. a4 $16) 24... Qb7 {aiming for ...Nc3+!} 25. Ka1 Nc3 $2 {[%mdl 8192]} (25... Rh5 $14 26. Qe4 Qa6) 26. Nc5 $2 ({White should play} 26. bxc3 $18 bxc3 27. Rb1) 26... Qb5 $1 $14 ({But not} 26... dxc5 $2 27. Rxe7 (27. bxc3 bxc3 28. Rb1 Qd7 $11) 27... Rxe7 28. Rxe7 $18) 27. bxc3 dxc5 28. Rxe7 Rxe7 29. Rxe7 {[%csl Ge7][%cal Rh4h7][%mdl 4096] Endgame KQR-KQR} Qf1+ 30. Kb2 {[%csl Ge7][%cal Rh4h7]} bxc3+ 31. Kxc3 {[%csl Ge7][%cal Rh4h7]} Qa1+ 32. Kd2 {[%csl Ge7][%cal Rh4h7]} Qxd4+ 33. Qxd4+ cxd4 {KR-KR} 34. f3 Ra5 35. Rc7 c5 36. a4 h5 37. Kd3 Rxa4 38. Rxc5 Kg7 39. h4 Kf6 40. g4 (40. Rd5 $14) 40... hxg4 (40... Ra3+ $1 $11 {keeps the balance.} 41. Ke4 (41. Kxd4 Rxf3 42. gxh5 Rf4+ 43. Kc3 Rxh4 $11) 41... Re3+ 42. Kf4 hxg4) 41. fxg4 $16 Ra3+ $2 (41... a5 $16) 42. Kxd4 $18 Rh3 43. h5 gxh5 44. gxh5 Ke6 45. c4 $2 ({White must play} 45. Ra5 $18) 45... Rh4+ $11 46. Kc3 Kd6 $1 {[%cal Rd6c5]} 47. Ra5 {Threatening Kb4.} Kc6 $2 (47... Rh1 $1 $11) 48. Kb4 $18 Kb6 49. Rg5 a6 50. Rg6+ Kb7 {[#]} 51. Rh6 $1 Rh1 $2 (51... Rf4 52. Rh8 a5+ 53. Kxa5 Rxc4) 52. Kc5 Rf1 53. Rh7+ Kc8 54. h6 Rf5+ 55. Kb6 Rf6+ 56. Ka5 Rc6 57. Rh8+ Kb7 58. h7 Rc5+ 59. Kb4 Rh5 60. c5 Rh4+ 61. Kc3 Rh3+ 62. Kd4 Rh4+ 63. Ke3 Rh3+ 64. Kd4 Rh4+ $1 65. Kd5 {White mates.} Rh5+ 66. Kd6 Rh6+ 67. Kd7 a5 68. c6+ $1 {[%mdl 64] Promotion} Rxc6 {[#]} 69. Rb8+ $1 {[%mdl 576] Deflection, Promotion} Kxb8 70. Kxc6 {Accuracy: White = 56%, Black = 50%.} 1-0

[Event "7th Iberoamerican-ch 2019"]
[Site "Linares"]
[Date "2019.08.11"]
[Round "2.25"]
[White "Moreno Ruiz, Javier"]
[Black "Castillo Gallego, Sergio"]
[Result "1-0"]
[WhiteElo "2473"]
[BlackElo "2203"]
[Annotator "ChessBase"]
[PlyCount "69"]
[EventDate "2019.08.10"]
[EventType "swiss"]
[EventCountry "ESP"]
[SourceTitle "playchess.com"]
[Source "ChessBase"]
[SourceQuality "1"]
[TimeControl "5400+30"]

1. d4 {[%emt 0:00:00]} d5 {[%emt 0:00:00]} 2. c4 {[%emt 0:00:00]} e6 {[%emt 0:00:11]} 3. Nc3 {[%emt 0:00:00]} c6 {[%emt 0:00:27]} 4. e3 {[%emt 0:03:23]} Nd7 {[%emt 0:01:04]} 5. Bd3 {[%emt 0:00:24]} dxc4 {[%emt 0:00:38]} 6. Bxc4 {[%emt 0:00:07]} b5 {[%emt 0:00:24]} 7. Be2 {[%emt 0:07:11]} a6 {[%emt 0:03:15]} 8. Nf3 {[%emt 0:02:50]} c5 {[%emt 0:06:20]} 9. d5 {[%emt 0:04:01]} Nb6 {[%emt 0:03:41]} 10. e4 {[%emt 0:05:27]} exd5 {[%emt 0:09:22]} 11. exd5 {[%emt 0:00:59]} Nf6 {[%emt 0:06:04]} 12. a4 {[%emt 0:06:19]} b4 {[%emt 0:03:40]} 13. a5 {[%emt 0:00:06]} Nbxd5 {[%emt 0:06:48]} 14. Nxd5 {[%emt 0:01:52]} Qxd5 {[%emt 0:02:34]} 15. Qxd5 {[%emt 0:07:47]} Nxd5 {[%emt 0:00:08]} 16. Bc4 {[%emt 0:00:03]} Be6 {[%emt 0:19:53]} 17. Ng5 {[%emt 0:02:51]} Nc7 {[%emt 0:03:27]} 18. Nxe6 {[%emt 0:00:56]} Nxe6 {[%emt 0:00:08]} 19. Be3 {[%emt 0:07:21]} Be7 {[%emt 0:04:49]} 20. O-O-O {[%emt 0:01:32]} O-O {[%emt 0:07:07]} 21. Rd7 {[%emt 0:02:49]} Bf6 {[%emt 0:02:21]} 22. Kb1 {[%emt 0:05:38]} Nd4 {[%emt 0:06:09]} 23. Rc1 {[%emt 0:03:17]} h6 {[%emt 0:05:29]} 24. Rc7 {[%emt 0:10:26]} Rac8 {[%emt 0:04:35]} 25. Bxf7+ {[%emt 0:01:00]} Kh7 {[%emt 0:00:22]} 26. R1xc5 {[%emt 0:02:14]} Rxc7 {[%emt 0:01:46]} 27. Rxc7 {[%emt 0:00:06]} Be5 {[%emt 0:01:22]} 28. Rd7 {[%emt 0:00:45]} Nc6 {[%emt 0:00:48]} 29. Bd5 {[%emt 0:01:19]} Rf6 {[%emt 0:00:55]} 30. Bb6 {[%emt 0:01:30]} h5 {[%emt 0:00:36]} 31. g3 {[%emt 0:01:04]} Kh6 {[%emt 0:00:17]} 32. f4 {[%emt 0:00:59]} Bd4 {[%emt 0:00:02]} 33. Bxc6 {[%emt 0:00:47]} Bxb6 {[%emt 0:00:06]} 34. axb6 {[%emt 0:00:08]} Rxc6 {[%emt 0:00:18]} 35. b7 {[%emt 0:00:09]} 1-0